[Event "127th NZ Congress 2020"]
[Site "Tauranga"]
[Date "2020.01.16"]
[Round "3.3"]
[White "Van Riemsdijk, Herman C."]
[Black "Johansen, Darryl K"]
[Result "1/2-1/2"]
[WhiteElo "2245"]
[BlackElo "2371"]
[Annotator "TA"]
[PlyCount "144"]
[EventDate "2020.01.14"]
[EventType "swiss"]
[EventCountry "NZL"]
[SourceTitle "playchess.com"]
[Source "ChessBase"]
[SourceQuality "1"]

{[%evp 16,144,17,25,40,-16,2,-49,-48,-32,-48,-65,-16,-16,-12,-56,-47,-45,-49,-49,-47,-50,-53,-56,-44,-49,-45,-68,-57,-89,-67,-68,-67,-83,-67,-67,-67,-67,-67,-67,-67,-67,-67,-68,-68,-74,-67,-71,-70,-81,-82,-91,-91,-90,-90,-86,-64,-71,-61,-62,-19,-19,-12,-27,-27,-27,-27,-27,-27,-27,-13,-119,-18,-19,-8,-8,-8,-8,-8,-8,-8,-8,-8,-8,-8,-8,-8,-8,-8,-8,-8,-8,-8,-8,-8,-8,-8,-8,-8,-8,-8,-8,-8,-8,0,-8,-8,-8,-8,-8,-8,-8,-8,-8,-8,-8,-8,-8,-8,-8,-8,-112,-93,-112,-112,-112,-112,-112,-112,-112,-137]} 1. e4 c5 2. Nf3 d6 3. d4 cxd4 4. Nxd4 Nf6 5. Nc3 Nc6 6. Bc4 Qb6 7. Nxc6 bxc6 8. O-O g6 9. Qe2 Bg7 {B57: Classical Sicilian: Sozin with 6...Qb6} (9... Ng4 10. b3 Bg7 11. Bb2 Qa5 12. Qe1 g5 13. Na4 Qxe1 14. Raxe1 Bxb2 15. Nxb2 Ne5 16. Be2 a5 17. f3 Rf8 18. Nd3 Nxd3 19. Bxd3 e5 20. Kf2 Ke7 {½-½ (20) Salgado Lopez,I (2624)-Demchenko,A (2679) Germany 2018}) 10. a4 $146 (10. e5 $14 dxe5 11. Qxe5) ({Predecessor:} 10. e5 dxe5 11. Qxe5 O-O 12. Qxe7 Bf5 13. Bb3 Rae8 14. Qd6 Ng4 15. Bf4 Bd4 16. Bg3 Rd8 17. Qf4 Rfe8 18. Rad1 a5 19. h3 Ne5 20. Na4 Qa7 21. Qh4 Bb6 22. Nxb6 Rxd1 23. Rxd1 Qxb6 24. Bxe5 {1-0 (24) Mrazek,L (2364)-Ludvik,T (2222) Ostrava 2019}) 10... a5 11. Ra3 ({White should try} 11. e5 $11 dxe5 12. Qxe5) 11... O-O {Black is slightly better.} 12. Be3 Qc7 13. h3 Nxe4 {[%mdl 64] [#] Remove Defender, Decoy} 14. Nxe4 {Black must now prevent Nd2.} d5 {[%mdl 64] Double Attack} 15. Bd3 {Nc5 is the strong threat.} dxe4 16. Bxe4 Ba6 17. Bd3 Bxb2 18. Rb3 Bxd3 19. Qxd3 Rfb8 20. Rxb8+ Rxb8 21. Rd1 h5 22. g3 Be5 23. Bc5 Bf6 24. Qd7 Qxd7 25. Rxd7 $17 {[%mdl 4096] Endgame KRB-KRB} Rb1+ 26. Kg2 Ra1 27. Bxe7 Bxe7 28. Rxe7 Rxa4 $15 {KR-KR} 29. Ra7 Kg7 30. Ra6 Rc4 31. Rxa5 Rxc2 32. h4 Kf6 33. Kf3 Ke6 34. Ke3 Rc3+ 35. Ke2 f6 36. Ra8 Rc5 37. Rc8 g5 38. hxg5 fxg5 39. Rh8 Re5+ 40. Kd3 g4 41. Rh6+ Kd5 42. Rf6 $1 c5 43. f3 {[#]} (43. Rf8 $11) 43... c4+ ({Better is} 43... gxf3 $1 $17 44. Rxf3 Rg5) 44. Kd2 $11 gxf3 45. Rxf3 Kd4 46. Rf4+ Kc5 47. Kc3 Re3+ {[%mdl 64] Double Attack} 48. Kd2 Rd3+ ({Don't play} 48... Rxg3 49. Rf5+ Kb4 50. Rxh5 $17) 49. Kc2 Rxg3 {And now ...Kb4 would win.} 50. Rf5+ Kb4 51. Rxh5 Rg2+ 52. Kb1 Kb3 {[%cal Rg2g1]} 53. Rb5+ Kc3 {White should prevent ...Rg1+.} 54. Rc5 $1 Rg1+ 55. Ka2 Rc1 56. Rh5 Rd1 57. Rc5 Rd4 {Threatening ...Kc2.} 58. Kb1 Rg4 59. Rc8 Rg2 60. Rc7 Rb2+ 61. Kc1 Rb8 62. Rh7 $1 Rd8 63. Rc7 Rh8 {[%cal Rh8h1]} 64. Kb1 $1 Rh4 65. Rc8 Rh1+ 66. Ka2 Rc1 67. Rh8 Rd1 68. Rc8 (68. Rg8 $11 {keeps the balance.}) 68... Kd3 {Strongly threatening ...c3.Black is better.} 69. Kb2 Rd2+ 70. Kc1 {White threatens Rd8+ and mate.} Re2 71. Kb1 Kc3 72. Rc7 Re1+ {Accuracy: White = 59%, Black = 60%.} 1/2-1/2

[Event "127th NZ Congress 2020"]
[Site "Tauranga"]
[Date "2020.01.16"]
[Round "3.4"]
[White "Sandler, Leonid"]
[Black "Clarke, Brandon G I"]
[Result "0-1"]
[WhiteElo "2226"]
[BlackElo "2437"]
[Annotator "TA"]
[PlyCount "98"]
[EventDate "2020.01.14"]
[EventType "swiss"]
[EventCountry "NZL"]
[SourceTitle "playchess.com"]
[Source "ChessBase"]
[SourceQuality "1"]

{[%evp 9,98,-11,15,10,15,2,16,-18,-21,-64,-64,-64,-60,-133,-80,-89,-76,-72,-77,-80,-74,-83,-77,-83,-91,-110,-116,-107,-108,-139,-91,-137,-127,-152,-120,-130,-97,-102,-57,-78,-55,-43,-63,-86,-82,-82,-84,-87,-89,-87,-95,-87,-80,-88,-78,-79,-78,-43,-46,-98,-66,-60,-60,-131,-136,-152,-145,-119,-87,-110,-115,-115,-109,-110,-103,-91,-96,-163,-165,-215,-204,-228,-257,-408,-400,-392,-393,-380,-370,-426,-408]} 1. b3 e5 2. Bb2 Nc6 3. e3 Nf6 4. Bb5 Bd6 5. Na3 Na5 6. Be2 {A01: Nimzowitsch-Larsen Opening} c6 (6... a6 7. c4 O-O 8. Nb1 Re8 9. Nc3 Nc6 10. d3 Bf8 11. Nf3 d5 12. cxd5 Nxd5 13. O-O Nxc3 14. Bxc3 {1-0 (66) Karjakin,S (2753)-Riazantsev,A (2649) St Petersburg 2018}) 7. Nf3 Qe7 8. Nc4 {The position is equal.} Nxc4 9. Bxc4 Bc7 10. d4 {[%cal Rd4e5]} e4 $36 {[%mdl 2048] Black has good play.} 11. Ne5 (11. Nd2 $15) 11... O-O (11... d6 $142 $1 {[%cal Rd6e5]} 12. Bxf7+ (12. Nxf7 Rf8 $17) 12... Kf8) 12. Be2 $17 d5 13. Qd2 $146 ({Predecessor:} 13. a4) 13... Ne8 14. f4 exf3 15. Bxf3 f6 16. Nd3 Nd6 17. O-O-O Re8 18. Rde1 a5 19. a4 Bf5 20. Kb1 b5 21. Nc5 {and if axb5 works, White does fine.} bxa4 22. Nxa4 Reb8 {White must now prevent ...Rxb3.} 23. Qc3 Ra6 24. Ba3 Nb5 25. Bxe7 Nxc3+ 26. Kc1 Nxa4 27. bxa4 Rab6 {Strongly threatening ...Rb2.} 28. g4 Bg6 {Threatens to win with ...Rb2.} 29. Ba3 Rb1+ 30. Kd2 Rxe1 {[%mdl 64] Overworked Piece} 31. Rxe1 Bxh2 32. Re2 Bg3 33. e4 Bf4+ 34. Kc3 (34. Ke1 $1 $15) 34... dxe4 35. Bxe4 Re8 36. Bd3 ({White should play} 36. Kd3 $1 $15) 36... Rxe2 37. Bc4+ Bf7 38. Bxe2 {[%mdl 4096] Endgame KBB-KBB} Bd5 39. Bc5 {[#] With the idea Bb6.} Bc7 $1 40. Kd3 Kf7 41. c4 Bg2 42. Ke3 Ke6 43. Bd3 (43. Ba3 $17) 43... g6 $19 44. Kf2 Bh3 45. Be4 {[#]} Kd7 $1 ({Not} 45... Bxg4 46. Bxc6 Kf7 47. Ba7 $11) 46. Kf3 (46. Bf3 $142) 46... Bf1 47. d5 Bxc4 48. dxc6+ Ke6 49. Bd4 Bb3 {Accuracy: White = 56%, Black = 68%.} 0-1

[Event "127th NZ Congress 2020"]
[Site "Tauranga"]
[Date "2020.01.16"]
[Round "3.5"]
[White "Hague, Ben"]
[Black "Cilia Vincenti, David"]
[Result "1-0"]
[WhiteElo "2399"]
[BlackElo "2056"]
[Annotator "TA"]
[PlyCount "71"]
[EventDate "2020.01.14"]
[EventType "swiss"]
[EventCountry "NZL"]
[SourceTitle "playchess.com"]
[Source "ChessBase"]
[SourceQuality "1"]

{[%evp 9,71,-23,-22,-32,-22,-4,0,0,11,-66,-41,-35,-15,-77,-60,-62,-58,-58,-57,-42,14,-25,0,0,0,0,0,-164,-173,-165,-158,-156,0,0,0,0,0,0,57,51,51,53,53,54,53,53,87,79,100,94,87,87,85,89,117,80,131,131,135,126,155,156,192,183]} 1. d4 f5 2. g4 fxg4 3. h3 d5 4. hxg4 Bxg4 5. f3 (5. Qd3 Nf6 6. f3 Bh5 7. Nh3 Nc6 8. Bf4 Bg6 9. Qd2 e6 10. Ng5 Bf5 11. Nc3 Bb4 {1-0 (44) Usmanov,V (2453)-Siagodnik,A (2287) St Petersburg 2018}) 5... Bf5 6. Nc3 {A80: Dutch Defence: Unusual White second moves} Qd6 7. Nh3 Qg3+ $146 ({Predecessor:} 7... Nf6 8. Bf4 Qb4 9. Qd2 Nc6 10. O-O-O e6 11. Nf2 O-O-O 12. a3 Qa5 13. e3 Bxa3 14. bxa3 Qxa3+ 15. Kb1 Qb3+ 16. Kc1 Qa3+ 17. Kb1 Qb3+ 18. Kc1 {½-½ (18) Eckhardt,W (2080)-Erlbeck,P (2075) Bayern 1999}) 8. Nf2 {The position is equal.} Nf6 9. Be3 (9. e4 $11 dxe4 10. fxe4 Nxe4 11. Ncxe4 Bxe4 12. Rh3) 9... Nc6 (9... c5 $5 {[%cal Rb8c6]} 10. Bh3 (10. dxc5 Nc6 $17) 10... Bxh3 11. Rxh3 Qg1+ 12. Kd2 Qxd1+ 13. Rxd1 Nc6 $15) 10. Qd2 e5 11. dxe5 (11. Nb5 $11 {remains equal.}) 11... Qxe5 $17 {Hoping for ...d4.} 12. Bf4 Qe6 $36 {[%mdl 2048] Black has good play.} 13. Nb5 O-O-O 14. Nxc7 Qd7 (14... Qf7 $15) 15. Nb5 a6 16. Nd4 Nxd4 $1 17. Qxd4 {And now e4 would win.} Bd6 18. O-O-O $2 {[#]} (18. e3 $11 {and White stays safe.}) 18... Qc7 $1 $19 {[%csl Gf5][%cal Rc7c2][%mdl 512]} 19. Nd3 Bxd3 $1 {[%csl Gd3][%cal Rc7c2][%mdl 64] Pin} 20. Bh3+ {[#]} Nd7 $2 (20... Rd7 $1 $17 21. Bxd7+ Kxd7 22. Qxd3 Bxf4+ 23. e3 Bd6) 21. Rxd3 $11 Bxf4+ 22. e3 {Strongly threatening Rc3.} Be5 23. Qxd5 Rhe8 (23... Kb8 $11 24. Bxd7 Rhe8) 24. Qf7 $1 $14 Rf8 {[#]} 25. Rxd7 $1 {[%mdl 512]} Rxf7 (25... Rxd7 26. Qxf8+) 26. Rxf7+ {[%mdl 64] Discovered Attack} Kb8 27. Rxc7 Kxc7 {[%mdl 4096] Endgame KRB-KRB} 28. Bf5 Rf8 29. Be4 ({Don't play} 29. Bxh7 Rxf3 30. Re1 b5 $11) 29... h6 30. c3 b6 31. Kd2 a5 32. Ke2 b5 (32... Re8 $142) 33. f4 $16 Bf6 34. Rh5 Kb6 35. Bd3 b4 36. cxb4 {Accuracy: White = 67%, Black = 49%.} 1-0

[Event "127th NZ Congress 2020"]
[Site "Tauranga"]
[Date "2020.01.16"]
[Round "3.6"]
[White "Ker, Anthony F"]
[Black "Milligan, Helen"]
[Result "1-0"]
[WhiteElo "2299"]
[BlackElo "1938"]
[Annotator "RC"]
[PlyCount "129"]
[EventDate "2020.01.14"]
[EventType "swiss"]
[EventCountry "NZL"]
[SourceTitle "playchess.com"]
[Source "ChessBase"]
[SourceQuality "1"]
[TimeControl "40/5400+30:1800+30"]

1. e4 {[%emt 0:00:00]} e5 {[%emt 0:00:00]} 2. Nf3 {[%emt 0:00:00]} Nc6 {[%emt 0:00:00]} 3. d4 {[%emt 0:00:00]} exd4 {[%emt 0:00:02]} 4. Bc4 {[%emt 0:00:05]} Nf6 {[%emt 0:01:44]} 5. e5 {[%emt 0:00:26]} Ne4 {[%emt 0:03:01]} 6. Qe2 {[%emt 0:00:29]} Nc5 {[%emt 0:02:11]} 7. c3 {[%emt 0:00:24]} d3 {[%emt 0:04:03]} 8. Qe3 {[%emt 0:00:09]} Be7 {[%emt 0:06:28]} 9. b4 {[%emt 0:02:28]} Ne6 {[%emt 0:04:29]} 10. O-O {[%emt 0:00:28]} d6 {[%emt 0:04:37]} 11. Rd1 {[%emt 0:04:15]} Bd7 {[%emt 0:09:36]} 12. Rxd3 {[%emt 0:03:05]} O-O {[%emt 0:05:37]} 13. Na3 {[%emt 0:14:05]} Qc8 {[%emt 0:03:57]} 14. Bb2 {[%emt 0:05:32]} Rd8 {[%emt 0:07:05]} 15. Rad1 {[%emt 0:01:55]} Nxe5 {[%emt 0:06:31]} 16. Nxe5 {[%emt 0:04:30]} dxe5 {[%emt 0:00:06]} 17. Qxe5 {[%emt 0:00:29]} Bd6 {[%emt 0:05:05]} 18. Qh5 {[%emt 0:04:56]} g6 {[%emt 0:05:30]} 19. Qh4 {[%emt 0:01:12]} Re8 {[%emt 0:02:52]} 20. Nb5 {[%emt 0:28:53]} Be7 {[%emt 0:02:24]} 21. Qg3 {[%emt 0:00:15]} Bxb5 {[%emt 0:05:10]} 22. Bxb5 {[%emt 0:00:06]} c6 {[%emt 0:01:35]} 23. Ba4 {[%emt 0:01:03]} Qb8 {[%emt 0:01:07]} 24. Qf3 {[%emt 0:03:10]} Qe5 {[%emt 0:01:44]} 25. Re3 {[%emt 0:06:28]} Qf6 {[%emt 0:01:13]} 26. Bb3 {[%emt 0:01:09]} Qxf3 {[%emt 0:01:30]} 27. Rxf3 {[%emt 0:00:06]} Rad8 {[%emt 0:00:40]} 28. Re1 {[%emt 0:00:42]} Bf8 {[%emt 0:00:45]} 29. Kf1 {[%emt 0:05:07]} Bg7 {[%emt 0:01:11]} 30. Rfe3 {[%emt 0:00:57]} Bh6 {[%emt 0:02:45]} 31. Re4 {[%emt 0:01:11]} Bd2 {[%emt 0:04:10]} 32. R1e2 {[%emt 0:01:26]} Kf8 {[%emt 0:00:49]} 33. Bxe6 {[%emt 0:02:38]} Rxe6 {[%emt 0:01:23]} 34. Rxe6 {[%emt 0:00:06]} fxe6 {[%emt 0:00:08]} 35. Rxe6 {[%emt 0:00:05]} Kf7 {[%emt 0:00:58]} 36. Re4 {[%emt 0:01:52]} Bg5 {[%emt 0:01:16]} 37. g3 {[%emt 0:00:54]} Rd2 {[%emt 0:02:54]} 38. Re2 {[%emt 0:00:29]} Rd7 {[%emt 0:00:44]} 39. c4 {[%emt 0:01:39]} Bd2 {[%emt 0:00:28]} 40. b5 {[%emt 0:00:00]} cxb5 {[%emt 0:00:00]} 41. cxb5 {[%emt 0:01:49]} a6 {[%emt 0:01:33]} 42. bxa6 {[%emt 0:04:25]} bxa6 {[%emt 0:01:00]} 43. f4 {[%emt 0:00:22]} h5 {[%emt 0:00:33]} 44. Kf2 {[%emt 0:00:49]} h4 {[%emt 0:01:19]} 45. Kf3 {[%emt 0:02:08]} hxg3 {[%emt 0:00:23]} 46. hxg3 {[%emt 0:00:04]} Bb4 {[%emt 0:03:20]} 47. Ke4 {[%emt 0:03:08]} Re7+ {[%emt 0:04:30]} 48. Be5 {[%emt 0:00:09]} Rd7 {[%emt 0:00:49]} 49. Rb2 {[%emt 0:01:48]} a5 {[%emt 0:02:34]} 50. a4 {[%emt 0:01:06]} Re7 {[%emt 0:01:10]} 51. Rh2 {[%emt 0:01:18]} Be1 {[%emt 0:02:04]} 52. Rh7+ {[%emt 0:04:54]} Ke6 {[%emt 0:00:51]} 53. Rxe7+ {[%emt 0:00:08]} Kxe7 {[%emt 0:00:07]} 54. g4 {[%emt 0:00:04]} Bd2 {[%emt 0:00:53]} 55. Kd5 {[%emt 0:00:32]} Kd7 {[%emt 0:00:32]} 56. Kc5 {[%emt 0:07:57]} Bb4+ {[%emt 0:01:07]} 57. Kb5 {[%emt 0:01:23]} Bd2 {[%emt 0:01:12]} 58. f5 {[%emt 0:03:14]} gxf5 {[%emt 0:00:09]} 59. gxf5 {[%emt 0:00:01]} Bb4 {[%emt 0:03:30]} 60. Bd4 {[%emt 0:03:02]} Kd6 {[%emt 0:01:52]} 61. Bb6 {[%emt 0:01:04]} Ke5 {[%emt 0:02:56]} 62. Bxa5 {[%emt 0:00:19]} Bd6 {[%emt 0:00:10]} 63. Bb6 {[%emt 0:00:34]} Kxf5 {[%emt 0:00:30]} 64. a5 {[%emt 0:00:06]} Ke6 {[%emt 0:00:36]} 65. Kc6 {[%emt 0:09:22] Kd5+} 1-0

[Event "127th NZ Congress 2020"]
[Site "Tauranga"]
[Date "2020.01.16"]
[Round "3.7"]
[White "Reilly, Tim"]
[Black "Polishchuk, Kirill"]
[Result "0-1"]
[WhiteElo "2098"]
[BlackElo "2151"]
[Annotator "ChessBase"]
[PlyCount "108"]
[EventDate "2020.01.14"]
[EventType "swiss"]
[EventCountry "NZL"]
[SourceTitle "playchess.com"]
[Source "ChessBase"]
[SourceQuality "1"]
[TimeControl "40/5400+30:1800+30"]

1. d4 {[%emt 0:00:00]} Nf6 {[%emt 0:02:55]} 2. c4 {[%emt 0:00:00]} g6 {[%emt 0:00:07]} 3. Nc3 {[%emt 0:00:07]} d5 {[%emt 0:00:10]} 4. Nf3 {[%emt 0:01:46]} Bg7 {[%emt 0:00:12]} 5. Qb3 {[%emt 0:01:53]} dxc4 {[%emt 0:00:21]} 6. Qxc4 {[%emt 0:00:07]} O-O {[%emt 0:00:10]} 7. e4 {[%emt 0:00:05]} a6 {[%emt 0:00:16]} 8. Be2 {[%emt 0:02:54]} b5 {[%emt 0:00:14]} 9. Qb3 {[%emt 0:00:28]} c5 {[%emt 0:08:30]} 10. dxc5 {[%emt 0:02:27]} Bb7 {[%emt 0:04:43]} 11. O-O {[%emt 0:06:06]} Qc7 {[%emt 0:11:04]} 12. Be3 {[%emt 0:08:44]} Nbd7 {[%emt 0:07:31]} 13. Rac1 {[%emt 0:01:36]} Bxe4 {[%emt 0:16:08]} 14. Nxe4 {[%emt 0:01:35]} Nxe4 {[%emt 0:00:08]} 15. c6 {[%emt 0:02:14]} Nb6 {[%emt 0:08:23]} 16. Rfd1 {[%emt 0:12:34]} Nd6 {[%emt 0:02:11]} 17. Bd4 {[%emt 0:12:24]} Bxd4 {[%emt 0:14:35]} 18. Nxd4 {[%emt 0:03:26]} e5 {[%emt 0:04:28]} 19. Nf3 {[%emt 0:00:54]} Ndc4 {[%emt 0:00:34]} 20. Qc2 {[%emt 0:05:28]} Rfe8 {[%emt 0:03:02]} 21. b3 {[%emt 0:01:05]} Nd6 {[%emt 0:01:41]} 22. Qd2 {[%emt 0:16:00]} Nf5 {[%emt 0:03:57]} 23. Qg5 {[%emt 0:02:13]} e4 {[%emt 0:02:06]} 24. Nd4 {[%emt 0:04:42]} Nxd4 {[%emt 0:01:42]} 25. Rxd4 {[%emt 0:00:07]} Re6 {[%emt 0:01:07]} 26. Qg3 {[%emt 0:06:44]} Rc8 {[%emt 0:02:15]} 27. Qxc7 {[%emt 0:02:08]} Rxc7 {[%emt 0:00:05]} 28. a4 {[%emt 0:01:04]} Rexc6 {[%emt 0:02:06]} 29. Rxc6 {[%emt 0:00:32]} Rxc6 {[%emt 0:00:04]} 30. axb5 {[%emt 0:00:32]} Rc1+ {[%emt 0:00:10]} 31. Bf1 {[%emt 0:00:08]} axb5 {[%emt 0:00:22]} 32. Rxe4 {[%emt 0:00:50]} Nd5 {[%emt 0:00:47]} 33. g3 {[%emt 0:01:03]} Rb1 {[%emt 0:00:24]} 34. b4 {[%emt 0:03:34]} Nxb4 {[%emt 0:00:43]} 35. Re8+ {[%emt 0:00:15]} Kg7 {[%emt 0:00:07]} 36. Rb8 {[%emt 0:00:09]} Nd3 {[%emt 0:01:10]} 37. Rd8 {[%emt 0:01:35]} Ne5 {[%emt 0:01:21]} 38. Rd5 {[%emt 0:00:45]} Nc4 {[%emt 0:00:17]} 39. Kg2 {[%emt 0:00:22]} Rb2 {[%emt 0:00:04]} 40. Bxc4 {[%emt 0:00:00]} bxc4 {[%emt 0:00:00]} 41. Rc5 {[%emt 0:01:33]} Rb4 {[%emt 0:06:57]} 42. h4 {[%emt 0:02:21]} h5 {[%emt 0:03:24]} 43. Rc6 {[%emt 0:00:59]} Kf8 {[%emt 0:00:47]} 44. Rc7 {[%emt 0:00:08]} Ke8 {[%emt 0:01:26]} 45. f4 {[%emt 0:09:43]} Kd8 {[%emt 0:07:00]} 46. Rc5 {[%emt 0:02:22]} Kd7 {[%emt 0:01:56]} 47. Kf3 {[%emt 0:03:00]} Kd6 {[%emt 0:00:15]} 48. Rc8 {[%emt 0:00:08]} Rb3+ {[%emt 0:01:12]} 49. Kg2 {[%emt 0:01:05]} Kd5 {[%emt 0:00:49]} 50. Rd8+ {[%emt 0:00:30]} Ke4 {[%emt 0:00:30]} 51. Re8+ {[%emt 0:00:06]} Kd3 {[%emt 0:00:59]} 52. Rd8+ {[%emt 0:01:43]} Ke2 {[%emt 0:01:38]} 53. Re8+ {[%emt 0:00:38]} Kd2 {[%emt 0:00:18]} 54. Re7 {[%emt 0:00:49]} Re3 {[%emt 0:13:39]} 0-1

[Event "127th NZ Congress 2020"]
[Site "Tauranga"]
[Date "2020.01.16"]
[Round "3.8"]
[White "Sole, Michael D"]
[Black "Garbett, Paul Anthony"]
[Result "0-1"]
[WhiteElo "1804"]
[BlackElo "2185"]
[Annotator "ChessBase"]
[PlyCount "56"]
[EventDate "2020.01.14"]
[EventType "swiss"]
[EventCountry "NZL"]
[SourceTitle "playchess.com"]
[Source "ChessBase"]
[SourceQuality "1"]
[TimeControl "40/5400+30:1800+30"]

1. e4 {[%emt 0:00:00]} c5 {[%emt 0:00:00]} 2. Nf3 {[%emt 0:00:00]} e6 {[%emt 0:00:00]} 3. d4 {[%emt 0:00:00]} cxd4 {[%emt 0:00:05]} 4. Nxd4 {[%emt 0:00:05]} Nc6 {[%emt 0:00:27]} 5. Nc3 {[%emt 0:00:14]} Qc7 {[%emt 0:00:13]} 6. Be3 {[%emt 0:00:17]} a6 {[%emt 0:00:13]} 7. Qf3 {[%emt 0:00:23]} Nf6 {[%emt 0:01:32]} 8. O-O-O {[%emt 0:00:43]} Be7 {[%emt 0:01:30]} 9. Nxc6 {[%emt 0:06:47]} bxc6 {[%emt 0:01:43]} 10. g4 {[%emt 0:06:55]} d5 {[%emt 0:02:54]} 11. g5 {[%emt 0:03:18]} dxe4 {[%emt 0:02:23]} 12. Nxe4 {[%emt 0:00:30]} Nd5 {[%emt 1:25:00]} 13. h4 {[%emt 0:06:27]} Rb8 {[%emt 0:00:00]} 14. Bc4 {[%emt 0:12:49]} Rb4 {[%emt 0:00:00]} 15. Bb3 {[%emt 0:04:59]} O-O {[%emt 0:00:00]} 16. Bd2 {[%emt 0:07:33]} Rb7 {[%emt 0:00:00]} 17. Bc3 {[%emt 0:01:56]} Nxc3 {[%emt 0:00:00]} 18. Qxc3 {[%emt 0:03:30]} Qf4+ {[%emt 0:00:00]} 19. Nd2 {[%emt 0:01:18]} Rd7 {[%emt 0:00:00]} 20. Qf3 {[%emt 0:02:39]} Bd6 {[%emt 0:00:00]} 21. Rhe1 {[%emt 0:05:43]} Rfd8 {[%emt 0:00:00]} 22. Qe2 {[%emt 0:16:35]} Bc7 {[%emt 0:00:00]} 23. c3 {[%emt 0:03:58]} Qxh4 {[%emt 0:00:00]} 24. Nf3 {[%emt 0:02:48]} Rxd1+ {[%emt 0:00:00]} 25. Rxd1 {[%emt 0:00:26]} Rxd1+ {[%emt 0:00:00]} 26. Qxd1 {[%emt 0:00:52]} Qxf2 {[%emt 0:00:00]} 27. Bc2 {[%emt 0:01:07]} g6 {[%emt 0:00:00]} 28. Nd4 {[%emt 0:00:55]} Qg2 {[%emt 0:08:00]} 0-1

[Event "127th NZ Congress 2020"]
[Site "Tauranga"]
[Date "2020.01.16"]
[Round "3.9"]
[White "Smith, Robert W"]
[Black "Winter, Ryan"]
[Result "1-0"]
[WhiteElo "2160"]
[BlackElo "1756"]
[Annotator "ChessBase"]
[PlyCount "83"]
[EventDate "2020.01.14"]
[EventType "swiss"]
[EventCountry "NZL"]
[SourceTitle "playchess.com"]
[Source "ChessBase"]
[SourceQuality "1"]
[TimeControl "40/5400+30:1800+30"]

1. Nf3 {[%emt 0:00:00]} d5 {[%emt 0:00:20]} 2. g3 {[%emt 0:00:34]} Nf6 {[%emt 0:01:04]} 3. Bg2 {[%emt 0:00:14]} c6 {[%emt 0:03:07]} 4. c4 {[%emt 0:03:33]} Bf5 {[%emt 0:08:36]} 5. cxd5 {[%emt 0:00:39]} cxd5 {[%emt 0:00:49]} 6. Qb3 {[%emt 0:01:04]} Qd7 {[%emt 0:09:46]} 7. d3 {[%emt 0:07:53]} e6 {[%emt 0:10:11]} 8. Bf4 {[%emt 0:00:22]} Nc6 {[%emt 0:01:46]} 9. O-O {[%emt 0:00:37]} Be7 {[%emt 0:03:24]} 10. Nc3 {[%emt 0:08:54]} O-O {[%emt 0:06:37]} 11. a4 {[%emt 0:03:29]} Rac8 {[%emt 0:15:40]} 12. Rfc1 {[%emt 0:05:17]} Bd6 {[%emt 0:05:32]} 13. Bxd6 {[%emt 0:09:03]} Qxd6 {[%emt 0:00:06]} 14. Qxb7 {[%emt 0:01:59]} Na5 {[%emt 0:11:42]} 15. Qxa7 {[%emt 0:13:10]} Ra8 {[%emt 0:00:50]} 16. Qe3 {[%emt 0:01:07]} Nb3 {[%emt 0:01:09]} 17. Nd4 {[%emt 0:05:54]} Nxc1 {[%emt 0:01:39]} 18. Rxc1 {[%emt 0:00:06]} Bg6 {[%emt 0:01:01]} 19. Qd2 {[%emt 0:05:13]} Qb4 {[%emt 0:01:46]} 20. Nc6 {[%emt 0:00:23]} Qb7 {[%emt 0:00:31]} 21. Ne5 {[%emt 0:01:59]} Rfb8 {[%emt 0:02:09]} 22. Nxg6 {[%emt 0:01:27]} hxg6 {[%emt 0:00:17]} 23. Rc2 {[%emt 0:00:39]} Qb3 {[%emt 0:00:49]} 24. e4 {[%emt 0:06:33]} Rc8 {[%emt 0:01:38]} 25. exd5 {[%emt 0:00:21]} exd5 {[%emt 0:00:36]} 26. Rc1 {[%emt 0:01:12]} Rab8 {[%emt 0:00:59]} 27. Ra1 {[%emt 0:02:34]} d4 {[%emt 0:01:33]} 28. Nb5 {[%emt 0:00:26]} Rd8 {[%emt 0:02:11]} 29. Ra3 {[%emt 0:01:14]} Qe6 {[%emt 0:00:18]} 30. h3 {[%emt 0:02:58]} Qa6 {[%emt 0:02:00]} 31. Qf4 {[%emt 0:02:17]} Rxb5 {[%emt 0:03:04]} 32. axb5 {[%emt 0:02:03]} Qxb5 {[%emt 0:00:05]} 33. Qc7 {[%emt 0:02:47]} Rd7 {[%emt 0:01:31]} 34. Ra8+ {[%emt 0:00:50]} Kh7 {[%emt 0:00:04]} 35. Qc8 {[%emt 0:00:07]} Kh6 {[%emt 0:00:20]} 36. Bc6 {[%emt 0:00:33]} Qxd3 {[%emt 0:01:23]} 37. Bxd7 {[%emt 0:02:58]} Qb1+ {[%emt 0:01:11]} 38. Kh2 {[%emt 0:03:07]} Qe1 {[%emt 0:02:09]} 39. Qh8+ {[%emt 0:02:13]} Nh7 {[%emt 0:00:06]} 40. Bc6 {[%emt 0:00:00]} Qxf2+ {[%emt 0:00:00]} 41. Bg2 {[%emt 0:00:42]} d3 {[%emt 0:00:39]} 42. Qd8 {[%emt 0:02:17]} 1-0

[Event "127th NZ Congress 2020"]
[Site "Tauranga"]
[Date "2020.01.17"]
[Round "4.1"]
[White "Papin, Vasily"]
[Black "Fernandez, Daniel Howard"]
[Result "1/2-1/2"]
[WhiteElo "2481"]
[BlackElo "2451"]
[Annotator "TA"]
[PlyCount "29"]
[EventDate "2020.01.14"]
[EventType "swiss"]
[EventCountry "NZL"]
[SourceTitle "playchess.com"]
[Source "ChessBase"]
[SourceQuality "1"]

{[%evp 9,29,6,35,16,39,31,43,39,66,60,98,87,88,79,81,54,57,58,58,49,47,49]} 1. d4 Nf6 2. c4 e6 3. Nf3 d5 4. e3 Bb4+ 5. Nbd2 a5 (5... O-O 6. a3 Be7 7. b3 b6 8. Bb2 Bb7 9. Bd3 Nbd7 10. O-O c5 11. cxd5 Nxd5 12. Rc1 a6 13. Bb1 Rc8 14. Qe2 b5 15. Rfd1 cxd4 16. Nxd4 Rxc1 17. Rxc1 Qa8 18. N2f3 N5f6 19. h3 Rc8 20. Qe1 {0-1 (120) Dreev,A (2670)-Ghaem Maghami,E (2537) St Petersburg 2018}) 6. a3 {D30: Queen's Gambit Declined: Systems without Nc3} Bxd2+ 7. Bxd2 O-O 8. Rc1 $146 ({Predecessor:} 8. Qc2 a4 9. cxd5 exd5 10. Rc1 c6 11. Bd3 Re8 12. Ng5 h6 {½-½ (52) Poellen,P-Kirwald,F corr 1998}) 8... Ne4 9. Bd3 Nxd2 10. Qxd2 c6 11. O-O Nd7 12. cxd5 exd5 {White is slightly better.} 13. b4 Qe7 14. Qb2 g6 15. h3 1/2-1/2